Loading...
| History - European | 1 | 4 | 0 | 0 | 55 | 61 | 87.60 | 1 | 5 | 0.00 | 0.00 |
| History - American | 1 | 3 | 0 | 1 | 45 | 66 | 104.50 | 1 | 4 | 0.00 | 0.00 |
| Science - Other | 1 | 2 | 0 | 0 | 35 | 52 | 87.67 | 1 | 3 | 0.00 | 0.00 |
| History - Ancient/Other | 0 | 2 | 0 | 0 | 20 | 87 | 108.50 | 1 | 2 | 0.00 | 0.00 |
| Science - Biology | 1 | 1 | 1 | 1 | 20 | 67 | 101.50 | 1 | 2 | 0.00 | 0.00 |
| History - World | 2 | 0 | 3 | 0 | 15 | 47 | 50.00 | 1 | 2 | 0.00 | 0.00 |
| Fine Arts - Other | 0 | 1 | 0 | 0 | 10 | 139 | 139.00 | 0 | 1 | 0.00 | 0.00 |
| Science - Chemistry | 0 | 0 | 1 | 0 | -5 | 0.00 | 0 | 0 | 0.00 | 0.00 | |
| Geography | 0 | 0 | 2 | 0 | -10 | 0.00 | 0 | 0 | 0.00 | 0.00 |